Water and agriculture ; a symposium presented at the Washington meeting of the American Association for the Advancement of Science, December 29-30, 1958 /

Guardado en:
Autor Corporativo: American Association for the Advancement of Science.
Otros Autores: Hockensmith, R. D. 1905- (ed.)
Formato: Libro
Idioma:English
Publicado: Washington, 1960.
Series:Its Publication ; no. 62
Etiquetas: Agregar Etiqueta
Sin Etiquetas, Sea el primero en etiquetar este registro!
LEADER 00940cam a22002171a 4500
001 EEA.libagro010473
005 20150821122810.0
008 721108s1960####dcua#####b####100#0#eng##
010 |a  60009765  
040 |a DLC  |c ODaWU  |d OCoLC  |d Uk  |d DLC 
050 0 0 |a GB651.A5  |b A68 
082 |a 551.48 
110 2 |a American Association for the Advancement of Science. 
245 1 0 |a Water and agriculture ;  |b a symposium presented at the Washington meeting of the American Association for the Advancement of Science, December 29-30, 1958 /  |c Edited by Roy D. Hockensmith. 
260 |a Washington,  |c 1960. 
300 |a viii, 198 p. :  |b il., diagrs. ;  |c 24 cm. 
490 1 |a Its Publication ;  |v no. 62 
504 |a Incluye referencias bibliográficas. 
700 1 |a Hockensmith, R. D.  |q (Roy Douglas),  |d 1905-  |e ed. 
810 2 |a American Association for the Advancement of Science.  |t Publication  |v no. 62. 
859 |a AR-BbBCA  |b BIB. AGRONOMIA  |h 551.48  |i H685  |p 1962/0068